000 01242nam a2200229Ia 4500
001 L235-7291
003 IT-CnALBA
008 170116s9999||||xx |||||||||||||| ||und||
040 _aIT-CnALBA
_cIT-CnALBA
041 _aITALIANO
100 _aLUSTIGER JEAN-MARIE CARDINALE DI PARIGI
245 0 _aMARIA MADRE DEI VIVENTI.
250 _a1a ed.
260 _aCINISELLO BALSAMO (MI)
_bEDIZIONI PAOLINE
_c1990 [1° Ed.:1990 - Ed.Ling.Originale: 1988]
300 _a114 p. (prefazione: 56)
500 _aTRADUZIONE DAL FRANCESE DELLE BENEDETTINE DI ROSANO. COAUTORI: LAURENTIN RENÈ, MATHIEU MARIE ELENE. SAVARD CLAUDE, SESBOU BERNARD. DALL'ANNUNZIAZIONE ALLA PENTECOSTE. MARIA MADRE DEI VIVENTI. FIGLIA DI ISRAELE. MADRE DI DIO. MADRE DI MISERICORDIA. SEGNO D
501 _aSocietà San Paolo EM - Piazza San Paolo, 14 - 12051 ALBA (CN) (non commercial uses only) ® Copyright 2017
520 _aTRADUZIONE DAL FRANCESE DELLE BENEDETTINE DI ROSANO. COAUTORI: LAURENTIN RENÈ, MATHIEU MARIE ELENE. SAVARD CLAUDE, SESBOU BERNARD. DALL'ANNUNZIAZIONE ALLA PENTECOSTE. MARIA MADRE DEI VIVENTI. FIGLIA DI ISRAELE. MADRE DI DIO. MADRE DI MISERICORDIA. SEGNO D
650 _aMARIA SS. ANGELI SANTI DEMONI
942 _cBK
957 _71
999 _a8267
_bNO
_g Copie: 1
_c266473
_d266473